书目信息 |
| 题名: |
电子技术基础题解与分析
|
|
| 作者: | 黄庆元 , 姜瑞芝 编 | |
| 分册: | ||
| 出版信息: | 西安 陕西科学技术出版社 1986 |
|
| 页数: | 198页 | |
| 开本: | 19cm | |
| 丛书名: | ||
| 单 册: | ||
| 中图分类: | TN01-44 | |
| 科图分类: | ||
| 主题词: | 电子技术--解题 , 通信技术--理论 , 无线电电子学--理论 | |
| 电子资源: | ||
| ISBN: | ||
| 000 | 00751nam0 2200265 45 | |
| 001 | 0186014339 | |
| 005 | 20060808090654.51 | |
| 010 | @dCNY1.40 | |
| 091 | @aCN@b15202.143 | |
| 100 | @a19901010d1986 em y0chiy0121 ea | |
| 101 | 0 | @achi |
| 102 | @aCN@b610000 | |
| 105 | @ay z 000yy | |
| 200 | 10 | @a电子技术基础题解与分析@Adian zi ji shu ji chu ti jie yu fen xi@f黄庆元, 姜瑞芝编 |
| 210 | @a西安@c陕西科学技术出版社@d1986 | |
| 215 | @a198页@d19cm | |
| 606 | @a电子技术@x解题 | |
| 606 | 0 | @a通信技术@x理论 |
| 606 | 0 | @a无线电电子学@x理论 |
| 690 | @aTN01-44@v3 | |
| 701 | 0 | @a黄庆元@Ahuang qing yuan@4编 |
| 701 | 0 | @a姜瑞芝@Ajiang rui zhi@4编 |
| 801 | 0 | @aCN@bTSSF@c20060808 |
| 801 | 2 | @aCN@bNLC@c20060720 |
| 905 | @a10447@dTN01-44@e49 | |
| 电子技术基础题解与分析/黄庆元, 姜瑞芝编.-西安:陕西科学技术出版社,1986 |
| 198页;19cm |
| ISBN :CNY1.40 |
| ● |
| 相关链接 |
|
|
|
|
正题名:电子技术基础题解与分析
索取号:TN01-44/49
 
预约/预借
| 序号 | 登录号 | 条形码 | 馆藏地/架位号 | 状态 | 备注 |
| 1 | 0437347 | 204373472 | 密集书库/ [索取号:TN01-44/49] | 在馆 | |
| 2 | 0437348 | 204373481 | 密集书库/ [索取号:TN01-44/49] | 在馆 | |
| 3 | 0444952 | 204449524 | 密集书库/ [索取号:TN01-44/49] | 在馆 | |
| 4 | 0444959 | 204449597 | 密集书库/ [索取号:TN01-44/49] | 在馆 |